| 000 | 01006nam0a22002651 4500 | ||
|---|---|---|---|
| 001 | rc\3528088 | ||
| 005 | 20130115143703.2 | ||
| 021 |
_aRU _b[71-76379] |
||
| 035 | _a(NLR Aleph) 007664178 | ||
| 090 |
_a6364311 _c6364311 |
||
| 100 | _a20130115d1971 |||y0rusy50 ca | ||
| 101 | 0 | _arus | |
| 102 | _aRU | ||
| 105 | _ay z ||||| | ||
| 200 | 1 | _aРешения XXIV съезда КПСС - важный вклад в научный коммунизм | |
| 210 |
_aТашкент _cУзбекистан _d1971 |
||
| 215 |
_a50 с. _d16 |
||
| 532 | 1 | 1 | _aРешения Двадцать четвертого съезда Коммунистической Партии Советского Союза - важный вклад в научный коммунизм |
| 606 |
_aНаучный коммунизм _2psbo |
||
| 700 | 1 |
_aВахабов _bМ. Г. _f1909- _gМавлян Гафарович |
|
| 801 | 0 |
_aRU _bNLR _gpsbo |
|
| 801 | 1 |
_aRU _bELAR _2rusmarc |
|
| 852 |
_aNLR _j71-2/2115 |
||
| 942 | _cBOOK | ||
| 980 | _aNB | ||